| 000 | 00410pab a2200145 454500 | ||
|---|---|---|---|
| 008 | 180718b1990 xxu||||| |||| 00| 0 eng d | ||
| 100 | _aFong Chan Onn | ||
| 245 |
_aSmall and medium industries in Malaysia _bEconomic efficiency and entrepreneurship |
||
| 260 | _c1990 | ||
| 300 | _a152-79 | ||
| 362 | _aJun. | ||
| 650 | _aIndustry, Small - Scale - Malaysia | ||
| 773 | _aDeveloping Economies | ||
| 909 | _a10953 | ||
| 999 |
_c10953 _d10953 |
||